[Event "Medellin Amateur 17th"]
[Site "Medellin"]
[Date "2010.08.05"]
[Round "2.17"]
[White "Lopez, Santiago Quintero11"]
[Black "Hundelshaussen, Ricardo Jose"]
[Result "0-1"]
[WhiteElo "1665"]
[BlackElo "1600"]
[PlyCount "104"]
[EventDate "2010.08.04"]
[EventType "swiss"]
[EventRounds "9"]
[EventCountry "COL"]
[SourceTitle "EXT 2024"]
[Source "ChessBase"]
[SourceDate "2023.10.10"]
[SourceVersion "1"]
[SourceVersionDate "2023.10.10"]
[SourceQuality "1"]

1. e4 e6 2. d4 d5 3. e5 c5 4. c3 Nc6 5. Nf3 Qb6 6. a3 Nh6 7. b4 cxd4 8. cxd4 Nf5 9. Bb2 Be7 10. Qd3 Bd7 11. Nbd2 0-0 12. Nb3 a5 13. b5 Na7 14. a4 Rfc8 15. Be2 Bb4+ 16. Nfd2 Rc4 17. 0-0 Rac8 18. Nc5 Bxc5 19. Nxc4 dxc4 20. dxc5 cxd3 21. cxb6 dxe2 22. Rfe1 Nxb5 23. axb5 Bxb5 24. Rxa5 Ba6 25. g4 Nh4 26. Ra3 Rc2 27. Bc1 Rc6 28. Bg5 Ng6 29. Bd8 Nxe5 30. Bc7 Nd7 31. f3 Nxb6 32. Bxb6 Rxb6 33. Rxe2 Kf8 34. Rd2 Ke7 35. Rc3 Rc6 36. Re3 Bc4 37. Re4 b5 38. Red4 Bd5 39. f4 Rc4 40. Kf2 Kd6 41. Ke3 Kc5 42. R4d3 b4 43. f5 Rxg4 44. fxe6 fxe6 45. Rc2+ Rc4 46. Rb2 g5 47. Rf2 Re4+ 48. Kd2 Rf4 49. Re2 h5 50. Re5 Rf5 51. Re1 Rf2+ 52. Re2 Rxe2+ 0-1